[Event "6. Lovsprings EMT Basis 2 1994"]
[Site "Ringsted"]
[Date "1994.04.24"]]
[Round "4"]
[White "Kjaer, Thomas"]
[Black "Eckert, Svend"]
[Result "0-1"]
[WhiteElo "1558"]
[BlackElo "1665"]
[PlyCount "89"]
[EventDate "1994.??.??"]

1. e4 c5 2. Nf3 Nc6 3. d4 cxd4 4. Nxd4 g6 5. Nc3 Bg7 6. Be3 d6 7. Qd2 Nf6 8. f3
O-O 9. h4 Nh5 10. g4 Ng3 11. Rg1 Nxf1 12. Rxf1 e6 13. O-O-O Ne5 14. b3 d5 15.
h5 Qa5 16. hxg6 fxg6 17. f4 Nxg4 18. e5 b5 19. Ndxb5 Ba6 20. a4 Rac8 21. Bd4
Qb4 22. Kb2 Bh6 23. Qg2 Ne3 24. Bxe3 Bxb5 25. Nxb5 a6 26. Bd2 Qc5 27. Na3 Rf5
28. Qf2 Qc7 29. Qd4 Bf8 30. Bb4 Bg7 31. Bd6 Qc6 32. Rf3 Rd8 33. Be7 Re8 34. Rc3
Qd7 35. Bb4 Qf7 36. Qb6 Rxf4 37. Rcd3 Bxe5+ 38. Bc3 Rb8 39. Qc5 Bxc3+ 40. Qxc3
Rxa4 41. Rd4 Rxd4 42. Qxd4 Qg7 43. Nb1 h5 44. c3 Qxd4 45. Rxd4 0-1

[Event "6. Lovsprings EMT Basis 2 1994"]
[Site "Ringsted"]
[Date "1994.04.24"]]
[Round "4"]
[White "Pedersen, Allan"]
[Black "Sorensen, Lindved"]
[Result "1-0"]
[WhiteElo "1718"]
[BlackElo "1683"]
[PlyCount "43"]
[EventDate "1994.??.??"]

1. c4 e5 2. Nc3 Nf6 3. d3 c6 4. g3 Bc5 5. Nf3 Qc7 6. Bg2 d5 7. cxd5 cxd5 8. d4
e4 9. dxc5 exf3 10. Bxf3 O-O 11. O-O Be6 12. Bg5 Nbd7 13. Rc1 Qxc5 14. Nxd5 Qa5
15. Bxf6 Bxd5 16. Bc3 Qb6 17. Bxd5 Rfd8 18. e4 Qg6 19. Qf3 Rab8 20. Bd4 a6 21.
Rc7 b5 22. Rc6 1-0

[Event "6. Lovsprings EMT Basis 2 1994"]
[Site "Ringsted"]
[Date "1994.04.24"]]
[Round "4"]
[White "Sorensen, Rasmus Moller"]
[Black "Mortensen, Orla Lind"]
[Result "1-0"]
[WhiteElo "1579"]
[BlackElo "1600"]
[PlyCount "75"]
[EventDate "1994.??.??"]

1. e4 c6 2. d4 d5 3. e5 Bf5 4. Bd3 Bxd3 5. Qxd3 e6 6. f4 c5 7. c3 cxd4 8. cxd4
Nc6 9. Nf3 Bb4+ 10. Bd2 Bxd2+ 11. Nbxd2 Nge7 12. O-O Nf5 13. g4 Nfe7 14. f5 Qd7
15. Ng5 Nb4 16. fxe6 fxe6 17. Qf3 Ng6 18. Nf7 Rf8 19. Nd6+ Ke7 20. Qb3 a5 21.
a3 Nc6 22. Qb6 Nf4 23. Qc5 Kd8 24. Nxb7+ Ke8 25. Nd6+ Kd8 26. Rae1 g5 27. Rc1
Ne2+ 28. Kh1 Rxf1+ 29. Rxf1 Nf4 30. Rc1 Ne2 31. Qxc6 Nxc1 32. Qxa8+ Ke7 33. Qb7
Nd3 34. Qxd7+ Kxd7 35. Nf7 Nf2+ 36. Kg2 Nxg4 37. Kf3 Nh6 38. Nxh6 1-0

[Event "6. Lovsprings EMT Basis 2 1994"]
[Site "Ringsted"]
[Date "1994.04.24"]]
[Round "4"]
[White "Stuhr, Finn"]
[Black "Petersen, Jesper"]
[Result "1/2-1/2"]
[WhiteElo "1554"]
[BlackElo "1598"]
[PlyCount "54"]
[EventDate "1994.??.??"]

1. e4 c5 2. Nf3 d6 3. c3 Nc6 4. d4 Bg4 5. Bc4 Nf6 6. Qd3 Bxf3 7. gxf3 cxd4 8.
cxd4 g6 9. Qb3 e6 10. Qxb7 Nxd4 11. Bb5+ Nxb5 12. Qxb5+ Qd7 13. Qd3 Bg7 14. Nc3
Rb8 15. b3 Ke7 16. Bb2 Rhe8 17. Rd1 Rb7 18. Qe3 Qc7 19. Rd3 Nh5 20. f4 Bh6 21.
e5 dxe5 22. Qxe5 Qxe5+ 23. fxe5 Nf4 24. Rd4 Rd7 25. Rxd7+ Kxd7 26. Kd2 Nd5+ 27.
Kd3 Nxc3 1/2-1/2

[Event "6. Lovsprings EMT Basis 2 1994"]
[Site "Ringsted"]
[Date "1994.04.24"]]
[Round "4"]
[White "Wesche, Thomas"]
[Black "Pondal, Jesper"]
[Result "1-0"]
[WhiteElo "1600"]
[BlackElo "1563"]
[PlyCount "59"]
[EventDate "1994.??.??"]

1. e4 c5 2. c3 d5 3. exd5 Qxd5 4. d4 e6 5. Nf3 Nc6 6. Be3 cxd4 7. cxd4 Nf6 8.
a3 Be7 9. Nc3 Qd8 10. Bd3 O-O 11. O-O a6 12. Qc2 g6 13. Rad1 Re8 14. Rfe1 Qc7
15. Ne4 Bd7 16. Bg5 Nxe4 17. Bxe4 Rac8 18. d5 exd5 19. Bxd5 Bxg5 20. Nxg5 Rf8
21. Qc4 Nd8 22. Qh4 h5 23. Ne4 Be6 24. Nf6+ Kg7 25. Nxh5+ gxh5 26. Qg5+ Kh7 27.
Qxh5+ Kg7 28. Qg5+ Kh7 29. Rd4 Kh8 30. Rh4# 1-0

[Event "6. Lovsprings EMT Basis 2 1994"]
[Site "Ringsted"]
[Date "1994.05.01"]]
[Round "5"]
[White "Eckert, Svend"]
[Black "Pedersen, Allan"]
[Result "1-0"]
[WhiteElo "1665"]
[BlackElo "1718"]
[PlyCount "129"]
[EventDate "1994.??.??"]

1. e4 c6 2. d4 d5 3. e5 Bf5 4. Bd3 Bxd3 5. Qxd3 e6 6. Nf3 Nd7 7. O-O c5 8. c3
Ne7 9. Bg5 Qc7 10. Nbd2 h6 11. Be3 Ng6 12. h4 c4 13. Qc2 Be7 14. g3 Bd8 15. Nh2
Ne7 16. Rfe1 Rc8 17. Ndf1 Nc6 18. Qe2 Be7 19. Qg4 Bf8 20. f4 Ne7 21. Bd2 h5 22.
Qf3 Nf5 23. Ne3 Nxe3 24. Bxe3 g6 25. Qg2 Be7 26. Nf3 b5 27. Ng5 Bxg5 28. fxg5
Nb6 29. Qf2 Qe7 30. Rec1 Rc7 31. Kg2 a6 32. b3 Kd8 33. Qb2 Rb7 34. Rab1 Kd7 35.
Rf1 Rhb8 36. Rf6 Rf8 37. Rbf1 Ke8 38. Qf2 Rc7 39. Bd2 Rb7 40. Kh3 Nd7 41. Rf3
Nb6 42. g4 hxg4+ 43. Kxg4 Rh8 44. Bc1 Qc7 45. Ba3 Nc8 46. Bc5 Na7 47. b4 Nc6
48. Rh3 Qd8 49. h5 gxh5+ 50. Rxh5 Rg8 51. Qh4 Kd7 52. Rxf7+ Kc8 53. Rxb7 Kxb7
54. Rh7+ Kb8 55. Qh6 Qe8 56. Bd6+ Ka8 57. Qf6 a5 58. a3 Nxd4 59. cxd4 c3 60.
Qf7 Qxf7 61. Rxf7 Rc8 62. Rf1 axb4 63. axb4 Kb7 64. Rc1 Rc4 65. Bc5 1-0

[Event "6. Lovsprings EMT Basis 2 1994"]
[Site "Ringsted"]
[Date "1994.05.01"]]
[Round "5"]
[White "Hede, Kim Nygaard"]
[Black "Sorensen, Rasmus Moller"]
[Result "0-1"]
[WhiteElo "1680"]
[BlackElo "1579"]
[PlyCount "46"]
[EventDate "1994.??.??"]

1. d4 f5 2. e4 fxe4 3. Nc3 Nf6 4. Bg5 d6 5. Bxf6 exf6 6. f3 exf3 7. Qxf3 Qe7+
8. Kd2 Kd8 9. Re1 Qf7 10. Qe4 c6 11. d5 c5 12. Nf3 Nd7 13. Bb5 a6 14. Qa4 Kc7
15. Bd3 g6 16. Qf4 Ne5 17. Nxe5 dxe5 18. Qa4 Bd7 19. Qh4 Be7 20. Bc4 Qf8 21.
Rhf1 f5 22. Qg3 Qh6+ 23. Qe3 Qg5 0-1

[Event "6. Lovsprings EMT Basis 2 1994"]
[Site "Ringsted"]
[Date "1994.05.01"]]
[Round "5"]
[White "Jensen, Dan Bronnum"]
[Black "Mondrup, Niels Erik"]
[Result "1/2-1/2"]
[WhiteElo "1561"]
[BlackElo "1729"]
[PlyCount "99"]
[EventDate "1994.??.??"]

1. c4 Nf6 2. Nc3 d5 3. cxd5 Nxd5 4. g3 g6 5. Bg2 c6 6. Nf3 Bg7 7. O-O O-O 8. e4
Nxc3 9. dxc3 Qb6 10. Qc2 Bg4 11. Be3 Qc7 12. Nd4 e5 13. Nb3 Nd7 14. h3 Be6 15.
Rfd1 f5 16. exf5 Bxf5 17. Qd2 Rfd8 18. Qd6 Qxd6 19. Rxd6 Bf8 20. Rd2 Nf6 21.
Rxd8 Rxd8 22. Bxa7 Be6 23. Be3 Ra8 24. Nd2 Nd5 25. Bxd5 Bxd5 26. a3 Be6 27. h4
Rd8 28. Nf3 e4 29. Nd4 Bc4 30. b3 Bf7 31. b4 Bc4 32. Re1 Ra8 33. Bc1 Bd5 34.
Ne2 Kf7 35. Nf4 Bh6 36. Bb2 Bxf4 37. gxf4 b5 38. Kh2 Rd8 39. Kg3 h5 40. Rd1 Re8
41. Re1 Ke6 42. Bc1 Kf5 43. Be3 Ra8 44. Ra1 Ra6 45. Bc5 Ra8 46. Bb6 Rb8 47. Ba5
Re8 48. Re1 Bc4 49. Re3 Bd5 50. Re1 1/2-1/2

[Event "6. Lovsprings EMT Basis 2 1994"]
[Site "Ringsted"]
[Date "1994.05.01"]]
[Round "5"]
[White "Kjaer, Thomas"]
[Black "Kronow, Jacob"]
[Result "0-1"]
[WhiteElo "1558"]
[BlackElo "1567"]
[PlyCount "42"]
[EventDate "1994.??.??"]

1. e4 c5 2. Nf3 d6 3. d4 cxd4 4. Nxd4 Nf6 5. Nc3 g6 6. f3 Bg7 7. Be3 O-O 8. Qd2
Bd7 9. h4 h5 10. O-O-O Nc6 11. Be2 Rc8 12. g4 Ne5 13. gxh5 Nxh5 14. b3 Qa5 15.
Kb2 Ng3 16. Rhg1 Nxe2 17. Qxe2 Qxc3+ 18. Kb1 Nc6 19. Rd3 Qa5 20. Bd2 Nxd4 21.
Rxd4 Qc5 0-1

[Event "6. Lovsprings EMT Basis 2 1994"]
[Site "Ringsted"]
[Date "1994.05.01"]]
[Round "5"]
[White "Petersen, Jesper"]
[Black "Mortensen, Orla Lind"]
[Result "1-0"]
[WhiteElo "1598"]
[BlackElo "1600"]
[PlyCount "78"]
[EventDate "1994.??.??"]

1. d4 Nf6 2. c4 e5 3. dxe5 Ng4 4. Qd4 d6 5. exd6 Bxd6 6. Nf3 Nf6 7. Bg5 Nbd7 8.
Nc3 O-O 9. e3 h6 10. Bh4 Be7 11. Rd1 c6 12. Be2 Qa5 13. a3 Qc7 14. O-O Rd8 15.
Bg3 Qa5 16. Qd2 Ne5 17. Qc2 Nxf3+ 18. Bxf3 Be6 19. Be2 Bf5 20. e4 Bg6 21. f3
Nh5 22. Bf2 Nf4 23. Bg3 Bg5 24. h4 Nxe2+ 25. Nxe2 Qb6+ 26. Bf2 Be3 27. Nf4
Bxf2+ 28. Qxf2 Qb3 29. Qe2 Bh7 30. g4 Re8 31. g5 hxg5 32. hxg5 Bf5 33. Qd3 Qb6+
34. Qd4 c5 35. Qd6 Qxb2 36. exf5 Qxa3 37. g6 Qe3+ 38. Kg2 fxg6 39. Qd5+ Kf8 1-0

[Event "6. Lovsprings EMT Basis 2 1994"]
[Site "Ringsted"]
[Date "1994.05.01"]]
[Round "5"]
[White "Pondal, Jesper"]
[Black "Nielsen, Poul Erik2"]
[Result "1-0"]
[WhiteElo "1563"]
[BlackElo "1601"]
[PlyCount "72"]
[EventDate "1994.??.??"]

1. d4 c6 2. c4 e6 3. Nc3 d5 4. Nf3 h6 5. Bf4 Nf6 6. e3 a6 7. h3 Bd6 8. Ne5 Qe7
9. Rc1 dxc4 10. Bxc4 Nd5 11. Bh2 Nd7 12. O-O Nxe5 13. Bxe5 Bxe5 14. dxe5 Nxc3
15. Rxc3 O-O 16. Rd3 b5 17. Bb3 c5 18. Rd6 c4 19. Bc2 Ra7 20. Qd4 Rd7 21. Rd1
Rfd8 22. Be4 Rxd6 23. exd6 Qh4 24. Qb6 e5 25. Qc7 Be6 26. Bc6 Qg5 27. Kh2 Kf8
28. Qb7 Bc8 29. Qb6 Bf5 30. Qxa6 Bc2 31. Rd2 Bd3 32. Bxb5 e4 33. Bxc4 Qe5+ 34.
Kg1 Qc5 35. b3 Rxd6 36. Qa4 Ke7 1-0

[Event "6. Lovsprings EMT Basis 2 1994"]
[Site "Ringsted"]
[Date "1994.05.01"]]
[Round "5"]
[White "Sorensen, Lindved"]
[Black "Mortensen, Martin Lind"]
[Result "1/2-1/2"]
[WhiteElo "1683"]
[BlackElo "1606"]
[PlyCount "121"]
[EventDate "1994.??.??"]

1. Nf3 Nf6 2. c4 c5 3. g3 Nc6 4. Bg2 e6 5. Nc3 d5 6. cxd5 exd5 7. d4 Be6 8. Bf4
Rc8 9. O-O Nxd4 10. Nxd4 cxd4 11. Qxd4 Bc5 12. Qa4+ Bd7 13. Qb3 Bc6 14. Rad1 d4
15. Bxc6+ bxc6 16. e3 O-O 17. Na4 Bb6 18. Nxb6 Qxb6 19. Qxb6 axb6 20. Rxd4 Ra8
21. a3 h6 22. Rd6 Rfc8 23. Rc1 c5 24. Rxb6 c4 25. Bxh6 Nd7 26. Rd6 Ne5 27. Bf4
Nd3 28. Rc2 g5 29. Bxg5 Ne1 30. Rc3 Nf3+ 31. Kg2 Nxg5 32. Rd4 Ne6 33. Rg4+ Kf8
34. h4 Rab8 35. Rc2 Ng7 36. Re4 Rc6 37. g4 Ne8 38. f4 Nf6 39. Rexc4 Rxc4 40.
Rxc4 Nxg4 41. Kf3 Nh2+ 42. Ke4 Rxb2 43. Rb4 Ra2 44. a4 Nf1 45. Kd4 Ng3 46. e4
Ne2+ 47. Ke5 Kg7 48. f5 Nc3 49. Rb3 f6+ 50. Kf4 Ne2+ 51. Ke3 Rxa4 52. Rb7+ Kg8
53. Rb6 Kg7 54. h5 Ng3 55. h6+ Kh7 56. Re6 Nh5 57. Re8 Ra7 58. Kd4 Rd7+ 59. Kc5
Kxh6 60. e5 fxe5 61. Rxe5 1/2-1/2

[Event "6. Lovsprings EMT Basis 2 1994"]
[Site "Ringsted"]
[Date "1994.05.01"]]
[Round "5"]
[White "Stuhr, Finn"]
[Black "Paustian, Dennis"]
[Result "1-0"]
[WhiteElo "1554"]
[BlackElo "1591"]
[PlyCount "41"]
[EventDate "1994.??.??"]

1. e4 c5 2. Nf3 d6 3. c3 Nf6 4. e5 dxe5 5. Nxe5 a6 6. Qb3 Qd5 7. Qa4+ b5 8. Qf4
e6 9. Be2 Qd8 10. Bf3 Ra7 11. d4 Bd6 12. Be3 Bxe5 13. Qxe5 Nbd7 14. Qd6 cxd4
15. Bxd4 Rc7 16. O-O a5 17. Rd1 Bb7 18. Bb6 Bxf3 19. Bxc7 Qa8 20. gxf3 Qxf3 21.
Rd3 1-0

[Event "6. Lovsprings EMT Basis 2 1994"]
[Site "Ringsted"]
[Date "1994.05.01"]]
[Round "5"]
[White "Wesche, Thomas"]
[Black "Eddy, Samuel"]
[Result "1-0"]
[WhiteElo "1600"]
[BlackElo "1589"]
[PlyCount "49"]
[EventDate "1994.??.??"]

1. e4 c6 2. d4 d5 3. exd5 cxd5 4. c4 Bf5 5. Qb3 Qc7 6. Nc3 dxc4 7. Bxc4 e6 8.
Nf3 Nd7 9. O-O a6 10. a4 Bd6 11. Be3 Bg4 12. h3 Bxf3 13. gxf3 Rc8 14. Bd3 Ngf6
15. Rac1 Qb6 16. Qa2 Qa5 17. Ne4 Ke7 18. Nxd6 Kxd6 19. Qa3+ Kd5 20. Qb3+ Kd6
21. Qxb7 Rb8 22. Bf4+ e5 23. dxe5+ Ke7 24. exf6+ gxf6 25. Rfe1+ 1-0

[Event "6. Lovsprings EMT Basis 2 1994"]
[Site "Ringsted"]
[Date "1994.05.08"]]
[Round "6"]
[White "Eckert, Svend"]
[Black "Kronow, Jacob"]
[Result "1/2-1/2"]
[WhiteElo "1665"]
[BlackElo "1567"]
[PlyCount "86"]
[EventDate "1994.??.??"]

1. e4 c5 2. Nf3 d6 3. b3 Nf6 4. e5 dxe5 5. Nxe5 Qd4 6. Bb5+ Nbd7 7. Nc4 Qe4+ 8.
Ne3 a6 9. Nc3 Qe5 10. Be2 Ne4 11. Bb2 e6 12. O-O Nxc3 13. Bxc3 Qc7 14. Nc4 b5
15. Ba5 Qb8 16. Ne3 Bd6 17. h3 Bb7 18. Bf3 O-O 19. Ng4 Ne5 20. Bxb7 Qxb7 21.
Bc3 Ng6 22. g3 Qc7 23. Qf3 Be5 24. Rae1 Bxc3 25. Qxc3 Rfd8 26. d3 Rac8 27. Ne5
Rd5 28. Nxg6 hxg6 29. Re4 b4 30. Qb2 Qc6 31. a4 Rcd8 32. Rc4 Rd4 33. Qc1 Rxc4
34. dxc4 Rd4 35. Qg5 Qb6 36. Qe7 Qc6 37. Qg5 Qd6 38. Qc1 Rd2 39. c3 bxc3 40.
Qxc3 Rd3 41. Qb2 Qb6 42. Rb1 Qb4 43. Qc2 Rd4 1/2-1/2

[Event "6. Lovsprings EMT Basis 2 1994"]
[Site "Ringsted"]
[Date "1994.05.08"]]
[Round "6"]
[White "Mondrup, Niels Erik"]
[Black "Sorensen, Lindved"]
[Result "0-1"]
[WhiteElo "1729"]
[BlackElo "1683"]
[PlyCount "40"]
[EventDate "1994.??.??"]

1. e4 d5 2. exd5 Nf6 3. c4 e6 4. dxe6 Bxe6 5. Nc3 Bc5 6. Nf3 Nc6 7. Na4 Qe7 8.
Nxc5 Bxc4+ 9. Be2 Qxc5 10. d3 O-O-O 11. Qc2 Nb4 12. Qa4 Bxd3 13. Be3 Nc2+ 14.
Kf1 Nxe3+ 15. fxe3 Qxe3 16. Bxd3 Qxd3+ 17. Kg1 Qe3+ 18. Kf1 Ne4 19. Qc2 Rd2 20.
Nxd2 Qf2# 0-1

[Event "6. Lovsprings EMT Basis 2 1994"]
[Site "Ringsted"]
[Date "1994.05.08"]]
[Round "6"]
[White "Mortensen, Martin Lind"]
[Black "Kjaer, Thomas"]
[Result "0-1"]
[WhiteElo "1606"]
[BlackElo "1558"]
[PlyCount "62"]
[EventDate "1994.??.??"]

1. d4 Nf6 2. c4 e5 3. dxe5 Ng4 4. e4 Nxe5 5. f4 Nec6 6. Be3 Na6 7. Nf3 Bc5 8.
Bxc5 Nxc5 9. Nc3 O-O 10. Be2 Re8 11. e5 d6 12. exd6 cxd6 13. Qd2 Ne4 14. Nxe4
Rxe4 15. O-O-O Qf6 16. g3 Bg4 17. Rhf1 Rae8 18. Rde1 Bxf3 19. Rxf3 Qe7 20. Kd1
Nd4 21. Rf2 Nf5 22. Kc1 Nd4 23. Kd1 d5 24. cxd5 Nf5 25. d6 Nxd6 26. Rff1 Nf5
27. Kc1 Rxe2 28. Rxe2 Qxe2 29. Rd1 Qxd2+ 30. Rxd2 g6 31. g4 Re1+ 0-1

[Event "6. Lovsprings EMT Basis 2 1994"]
[Site "Ringsted"]
[Date "1994.05.08"]]
[Round "6"]
[White "Mortensen, Orla Lind"]
[Black "Eddy, Samuel"]
[Result "0-1"]
[WhiteElo "1600"]
[BlackElo "1589"]
[PlyCount "74"]
[EventDate "1994.??.??"]

1. e4 c6 2. d4 d5 3. Nd2 dxe4 4. Nxe4 Nf6 5. Nxf6+ gxf6 6. Bc4 Bf5 7. Be3 e6 8.
Qd2 Bd6 9. O-O-O Nd7 10. f3 Qc7 11. g4 Bg6 12. Bh6 f5 13. Re1 O-O-O 14. Nh3
fxg4 15. fxg4 Nb6 16. Bb3 Bc5 17. Bf4 Bd6 18. Bg5 Be7 19. Bxe7 Qxe7 20. c3 c5
21. Qf2 cxd4 22. cxd4 Qc7+ 23. Bc2 Rxd4 24. Kb1 Qxc2+ 25. Qxc2+ Bxc2+ 26. Kxc2
Rhd8 27. Ng5 Rd2+ 28. Kc1 Rf2 29. Rd1 Rg8 30. Ne4 Re2 31. Nc3 Rg2 32. h3 Nc4
33. Nb5 Kb8 34. Rd7 Rc8 35. Nc3 Nxb2 36. Rf1 Rxc3+ 37. Kb1 Na4 0-1

[Event "6. Lovsprings EMT Basis 2 1994"]
[Site "Ringsted"]
[Date "1994.05.08"]]
[Round "6"]
[White "Nielsen, Poul Erik2"]
[Black "Paustian, Dennis"]
[Result "1/2-1/2"]
[WhiteElo "1601"]
[BlackElo "1591"]
[PlyCount "49"]
[EventDate "1994.??.??"]

1. Nf3 Nf6 2. c4 e6 3. d4 d5 4. cxd5 exd5 5. Nc3 Bf5 6. Bd2 Bd6 7. g3 c6 8. Bg2
Nbd7 9. O-O O-O 10. Bg5 Be7 11. Nh4 Be6 12. f4 Nb6 13. f5 Bd7 14. b3 Ng4 15.
Bxe7 Qxe7 16. Qd3 Qe3+ 17. Qxe3 Nxe3 18. Rf3 Nxg2 19. Kxg2 f6 20. Kf2 Rae8 21.
e3 Nc8 22. g4 Nd6 23. Re1 Ne4+ 24. Nxe4 Rxe4 25. h3 1/2-1/2

[Event "6. Lovsprings EMT Basis 2 1994"]
[Site "Ringsted"]
[Date "1994.05.08"]]
[Round "6"]
[White "Pedersen, Allan"]
[Black "Sorensen, Rasmus Moller"]
[Result "0-1"]
[WhiteElo "1718"]
[BlackElo "1579"]
[PlyCount "114"]
[EventDate "1994.??.??"]

1. d4 f5 2. c4 Nf6 3. Nc3 b6 4. Nf3 Bb7 5. g3 e6 6. Bg2 Be7 7. O-O O-O 8. d5
Na6 9. Nd4 Bc5 10. a3 Rb8 11. b4 Bxd4 12. Qxd4 c5 13. dxc6 dxc6 14. Qe5 Re8 15.
h3 c5 16. b5 Bxg2 17. Kxg2 Nc7 18. Rd1 Qe7 19. Bg5 Red8 20. e4 fxe4 21. Nxe4
Kf7 22. Bf4 Nce8 23. Ng5+ Kg8 24. Qxe6+ Qxe6 25. Nxe6 Rxd1 26. Rxd1 Rb7 27. Nd8
Re7 28. Be3 Re4 29. Rc1 Nd6 30. Nc6 Nxc4 31. Nxa7 Nxe3+ 32. fxe3 Rxe3 33. Nc8
Rxa3 34. Nxb6 Ne4 35. g4 Rg3+ 36. Kh2 Rb3 37. Nd7 Rxb5 38. Ne5 Rb7 39. Kg2 Rb3
40. Nf3 Rb2+ 41. Kg1 Kf7 42. Ne5+ Ke6 43. Nd3 Rb5 44. Re1 Kd5 45. Nf4+ Ke5 46.
Nd3+ Kd4 47. Rd1 Kc3 48. Ne5 c4 49. Rc1+ Kd4 50. Nf3+ Ke3 51. Ne1 c3 52. Rd1
Ke2 53. Rd4 Kxe1 54. Rxe4+ Kd2 55. Rd4+ Kc1 56. Kf2 c2 57. Ke2 Kb1 0-1

[Event "6. Lovsprings EMT Basis 2 1994"]
[Site "Ringsted"]
[Date "1994.05.08"]]
[Round "6"]
[White "Pondal, Jesper"]
[Black "Hede, Kim Nygaard"]
[Result "1/2-1/2"]
[WhiteElo "1563"]
[BlackElo "1680"]
[PlyCount "66"]
[EventDate "1994.??.??"]

1. d4 Nf6 2. Bg5 d5 3. Bxf6 exf6 4. e3 Bd6 5. c4 c6 6. cxd5 cxd5 7. Nc3 Be6 8.
Qb3 Qd7 9. Nf3 O-O 10. Bd3 Nc6 11. O-O Rad8 12. a3 Bb8 13. Rac1 a6 14. Rfe1 Qd6
15. g3 Bg4 16. Nd2 b5 17. Qc2 h5 18. Nxb5 axb5 19. Qxc6 Bd7 20. Qxd6 Bxd6 21.
Be2 g6 22. Nb1 b4 23. Bf3 Be6 24. Re2 Rc8 25. Rec2 Rxc2 26. Rxc2 Ra8 27. Rc6
bxa3 28. bxa3 Bxa3 29. Nxa3 Rxa3 30. Rc5 Bh3 31. Rc1 Ra5 32. Bg2 Be6 33. h3 Kf8
1/2-1/2

[Event "6. Lovsprings EMT Basis 2 1994"]
[Site "Ringsted"]
[Date "1994.05.08"]]
[Round "6"]
[White "Stuhr, Finn"]
[Black "Jensen, Dan Bronnum"]
[Result "0-1"]
[WhiteElo "1554"]
[BlackElo "1561"]
[PlyCount "66"]
[EventDate "1994.??.??"]

1. e4 c5 2. Nf3 Nc6 3. c3 Nf6 4. e5 Nd5 5. Bc4 Nb6 6. Bxf7+ Kxf7 7. d4 e6 8.
Ng5+ Kg8 9. Qf3 Qe7 10. Ne4 Qf7 11. Qg3 Qg6 12. Qxg6 hxg6 13. dxc5 Nd5 14. f4
b6 15. cxb6 Nxb6 16. g3 Ba6 17. Be3 Bd3 18. Nbd2 Nc4 19. Nxc4 Bxe4 20. O-O Bd3
21. Rfd1 Bxc4 22. Rxd7 Rc8 23. b3 Bd5 24. Rd1 Kh7 25. Rd2 Ba3 26. Kf2 Bc1 27.
Rd1 Bxe3+ 28. Kxe3 Nb8 29. Rxa7 Rxc3+ 30. Kf2 Rc2+ 31. Kg1 Rg2+ 32. Kf1 Rxh2
33. Rc7 Rh1+ 0-1

[Event "6. Lovsprings EMT Basis 2 1994"]
[Site "Ringsted"]
[Date "1994.05.08"]]
[Round "6"]
[White "Wesche, Thomas"]
[Black "Petersen, Jesper"]
[Result "1-0"]
[WhiteElo "1600"]
[BlackElo "1598"]
[PlyCount "65"]
[EventDate "1994.??.??"]

1. e4 c5 2. c3 Nc6 3. d4 cxd4 4. cxd4 d6 5. Nf3 Nf6 6. Nc3 Bg4 7. Be2 g6 8. O-O
Bg7 9. Be3 a6 10. h3 Bd7 11. d5 Ne5 12. Nd4 Qc8 13. Rc1 Bxh3 14. gxh3 Qxh3 15.
Bf4 Nh5 16. Bxh5 gxh5 17. f3 Rg8 18. Kf2 Bf6 19. Qa4+ Kf8 20. Bh6+ Bg7 21.
Bxg7+ Rxg7 22. Ke3 Rg2 23. Nce2 Qh4 24. Rc7 Rb8 25. Qc2 Qh3 26. Nf5 Ng4+ 27.
Kd4 Nf6 28. Rc8+ Rxc8 29. Qxc8+ Ne8 30. Qxb7 Qxf5 31. exf5 Rxe2 32. Rh1 Nf6 33.
Qc8+ 1-0

[Event "6. Lovsprings EMT Basis 2 1994"]
[Site "Ringsted"]
[Date "1994.05.22"]]
[Round "7"]
[White "Eddy, Samuel"]
[Black "Petersen, Jesper"]
[Result "1-0"]
[WhiteElo "1589"]
[BlackElo "1598"]
[PlyCount "79"]
[EventDate "1994.??.??"]

1. e4 c5 2. Nf3 d6 3. d4 cxd4 4. Nxd4 Nf6 5. Nc3 g6 6. Be3 Bg7 7. Qd2 a6 8. f3
Bd7 9. Bd3 Nc6 10. Nde2 Rc8 11. O-O-O Qa5 12. Kb1 Be6 13. Nf4 Nd7 14. Nxe6 fxe6
15. Ne2 Nb4 16. a3 Nc6 17. Qxa5 Nxa5 18. Bd4 Bf6 19. Bxf6 exf6 20. Bxa6 bxa6
21. Rxd6 Ke7 22. Rhd1 Rhd8 23. Rxa6 Nc4 24. Nd4 Ncb6 25. a4 e5 26. Nb5 Nc4 27.
b3 Ne3 28. Rd2 Nc5 29. Ra7+ Ke6 30. Re2 Rd1+ 31. Kb2 Nf1 32. Nc3 Rd2 33. Rxd2
Nxd2 34. Rxh7 Nd7 35. Nd5 Rb8 36. Kc1 Nf1 37. Kd1 Nb6 38. Nxb6 Ne3+ 39. Kd2
Nxg2 40. a5 1-0

[Event "6. Lovsprings EMT Basis 2 1994"]
[Site "Ringsted"]
[Date "1994.05.22"]]
[Round "7"]
[White "Kronow, Jacob"]
[Black "Wesche, Thomas"]
[Result "1-0"]
[WhiteElo "1567"]
[BlackElo "1600"]
[PlyCount "109"]
[EventDate "1994.??.??"]

1. d4 Nf6 2. c4 e6 3. Nc3 c5 4. d5 exd5 5. cxd5 d6 6. Nf3 g6 7. e4 Bg7 8. Bd3
O-O 9. O-O Bg4 10. Bg5 a6 11. Be2 b5 12. Nd2 Bxe2 13. Nxe2 Qb6 14. a4 Nbd7 15.
Qc2 Rfe8 16. Ra3 Nxd5 17. exd5 Rxe2 18. Be3 bxa4 19. Qxa4 Rd8 20. Qd1 Rxd2 21.
Bxd2 Qxb2 22. Rxa6 Qe5 23. Ba5 Rc8 24. Re1 Qf5 25. Rxd6 Bd4 26. Re2 Ne5 27. Qc2
Qf4 28. Rd8+ Rxd8 29. Bxd8 Nd3 30. Ba5 c4 31. Qd2 Qxd2 32. Rxd2 Kf8 33. Rc2 Ke7
34. Kf1 Kd6 35. Rxc4 Kxd5 36. Rc7 Ke6 37. Rc2 Bf6 38. g3 Ne5 39. Bc3 Nd7 40.
Re2+ Kf5 41. Bd2 h5 42. h3 g5 43. Bb4 Ne5 44. Bc3 Ng6 45. Bxf6 Kxf6 46. Ra2 h4
47. Ra6+ Ke5 48. Kg2 Kf5 49. Ra5+ Kf6 50. Kf3 Ne5+ 51. Rxe5 Kxe5 52. gxh4 gxh4
53. Kg4 Ke4 54. Kxh4 Kf3 55. Kg5 1-0

[Event "6. Lovsprings EMT Basis 2 1994"]
[Site "Ringsted"]
[Date "1994.05.22"]]
[Round "7"]
[White "Mortensen, Orla Lind"]
[Black "Pondal, Jesper"]
[Result "0-1"]
[WhiteElo "1600"]
[BlackElo "1563"]
[PlyCount "96"]
[EventDate "1994.??.??"]

1. e4 c5 2. Nf3 d6 3. d4 cxd4 4. Nxd4 Nf6 5. Nc3 a6 6. Be2 e6 7. O-O Be7 8. Be3
O-O 9. Kh1 b5 10. a3 Bb7 11. Bd3 Nbd7 12. f3 Rc8 13. Qd2 Ne5 14. b3 Qc7 15.
Nce2 d5 16. exd5 Nxd3 17. Qxd3 Nxd5 18. Bd2 e5 19. Nf5 Qxc2 20. Nxe7+ Nxe7 21.
Qe3 Nd5 22. Qa7 Rc7 23. Ba5 Ra8 24. Qf2 Rd7 25. Qe1 Qxb3 26. Ng3 Qe3 27. Qb1
Nf4 28. Re1 Qd4 29. Nf5 Qd5 30. Ne3 Qe6 31. Rd1 Rxd1+ 32. Qxd1 Rc8 33. Qf1 h6
34. Rd1 g6 35. Bb4 Kh7 36. Rd6 Qe8 37. Ng4 Nh5 38. Qe1 Rc6 39. Qd2 e4 40. Qxh6+
Kg8 41. Rxc6 Bxc6 42. Bc3 f6 43. Bxf6 exf3 44. Qh8+ Kf7 45. Qxe8+ Kxe8 46. Bd4
Nf4 47. Bc5 fxg2+ 48. Kg1 Ne2+ 0-1

[Event "6. Lovsprings EMT Basis 2 1994"]
[Site "Ringsted"]
[Date "1994.05.22"]]
[Round "7"]
[White "Nielsen, Poul Erik2"]
[Black "Stuhr, Finn"]
[Result "0-1"]
[WhiteElo "1601"]
[BlackElo "1554"]
[PlyCount "118"]
[EventDate "1994.??.??"]

1. d4 Nf6 2. c4 e6 3. Nc3 b6 4. e4 d6 5. Nf3 Bb7 6. d5 Nbd7 7. Bg5 h6 8. Bxf6
Qxf6 9. Nb5 Qd8 10. Bd3 Nc5 11. O-O c6 12. Nc3 cxd5 13. exd5 exd5 14. Re1+ Be7
15. cxd5 O-O 16. Bf5 Bf6 17. Rc1 g6 18. Bb1 Rc8 19. Qd2 Kg7 20. b4 Nd7 21. Ne4
Ne5 22. Nxe5 Bxe5 23. a3 Rxc1 24. Rxc1 Kh7 25. f4 Bg7 26. Rf1 f5 27. Nf2 Ba6
28. Re1 Qc7 29. Rc1 Qd7 30. Kh1 Rc8 31. h3 Rc4 32. Rxc4 Bxc4 33. Nd3 Bxd5 34.
Kh2 Qe6 35. Nf2 h5 36. h4 b5 37. Nh3 Bf6 38. Qf2 Qe7 39. Ng5+ Kg7 40. g3 Bc4
41. Kh3 d5 42. Nf3 Kh7 43. Ne5 a6 44. Qd4 Qc7 45. Qe3 Qb7 46. Qd4 Bg7 47. Qe3
Qa8 48. Kh2 a5 49. bxa5 Qxa5 50. Nf7 d4 51. Ng5+ Kh6 52. Qf2 Qxa3 53. Bxf5 gxf5
54. Kh3 Qe3 55. Qg2 Bf6 56. Qc6 Qe7 57. Qa8 b4 58. Qc6 Bd3 59. Nf3 Bf1+ 0-1

[Event "6. Lovsprings EMT Basis 2 1994"]
[Site "Ringsted"]
[Date "1994.05.22"]]
[Round "7"]
[White "Paustian, Dennis"]
[Black "Hede, Kim Nygaard"]
[Result "0-1"]
[WhiteElo "1591"]
[BlackElo "1680"]
[PlyCount "36"]
[EventDate "1994.??.??"]

1. e4 c5 2. Nf3 e6 3. e5 Nc6 4. c3 d6 5. exd6 Bxd6 6. d4 cxd4 7. Nxd4 Bc5 8.
Bb5 Nge7 9. O-O Qb6 10. Nxc6 Nxc6 11. Be2 O-O 12. Qc2 Qc7 13. Nd2 Bd6 14. Nf3
e5 15. Ng5 f5 16. Bc4+ Kh8 17. Ne6 Bxe6 18. Bxe6 Nd4 0-1